000 00754nam a22001817a 4500
005 20250922140348.0
100 _aAswathy, T.r.
245 _aDetermination Of Dynamic-mechanical Properties On Addition Of Carbon Black-nanosilica Hybrid Fillers In Nr-sbr Blends With Special Reference To Power Transmission Belt Applications
260 _bInternational Rubber Conference-rubber Con 2024: Sustainable Development In Rubber Industry-challenges And Opportunities, 5-7 December 2024, Indian Rubber Institute, Kochi, India, P. 48.
_c2024
300 _bAbstract only
650 _aPower Transmission Belts
650 _aNanocomposites
650 _aMOrphology
700 _aMohan, S.
700 _aKalaivendhan, T.
700 _aAdhil, M.
942 _cJS
999 _c75608
_d75608